| 000 | 01007nam a2200301 i 4500 | ||
|---|---|---|---|
| 003 | EG-GICUC | ||
| 005 | 20260418154835.0 | ||
| 008 | 260418s1968 fr ||||gr|||| 00| 0 fre d | ||
| 040 |
_aEG-GiCUC _bfre _cEG-GiCUC _dEG-GiCUC _eRda |
||
| 041 | 0 | _afre | |
| 082 | 0 | 4 |
_221 _a343.1141 _bD E . S |
| 092 | 0 | 4 | _221 |
| 099 | _aLaw1 10 343.1141 D E . S 1968 | ||
| 100 | 1 |
_aDecocq, André _eAuteur |
|
| 245 | 1 | 3 |
_aLa structure de la qualification légale / _cpar André Decocq. |
| 264 | 1 |
_aLe Caire : _bUniversité du Caire, _c1968. |
|
| 300 |
_a168 page ; _c 24 cm. |
||
| 336 |
_2rda contenu _a texte |
||
| 337 |
_2rda medias _aOrdinateur |
||
| 338 |
_2 transporteur rda _a Ressource en ligne |
||
| 504 | _aComprend des références bibliographiques et un index. | ||
| 546 | _aTexte en français | ||
| 650 | 1 | 4 |
_aDroit pénal — Qualification légale — Égypte _2qrmak |
| 651 | 1 | _2qrmak | |
| 856 | 4 | 0 | _uhttps://fll.law.cu.edu.eg/fulltext/bks/B10-10052.pdf |
| 905 | _a74 | ||
| 942 |
_2ddc _n0 _cBK _e21 |
||
| 999 |
_c71668 _d71668 |
||